Sociology of Crime, Law and Deviance vol. 2

Detalles Bibliográficos
Autor principal: Deflem, Mathieu
Formato: eBook
Lenguaje:inglés
Publicado: Bingley: Emerald Group Publishing Limited, 2000
Materias:
Acceso en línea:Acceso restringido

MARC

LEADER 00000nam a22000007a 4500
005 2021021806576.0
007 cr|||| ||||
008 210219s2000 us |||||s|||| 00||0 eng d
020 |a 978-0-76230-680-0 
035 |a 32009 
040 |a vLex 
090 |c 11194  |d 11194 
100 1 |a Deflem, Mathieu 
245 1 0 |a Sociology of Crime, Law and Deviance  |h [Recurso electrn̤ico] /  |c Mathieu Deflem  |n vol. 2 
256 |a Servicio en ln̕ea 
260 |a Bingley:  |b Emerald Group Publishing Limited,  |c 2000 
300 |a 1 recurso electrn̤ico 
506 1 |a Disponible solo en los productos indicados  |d vLex Global  |d vLex Global (Academic Edition, excluding Law Schools)  |d vLex Global (Academic Edition, Law Schools) 
650 0 4 |a Ciencias sociales  |z Estados Unidos 
740 0 |a vLex Libros (Servicio en ln̕ea) 
856 4 0 |u http://vlex.com/source/32009  |z Acceso restringido 
942 |c BOOK 
999 0 |a Social Sciences